banner-ar

مهارات العمل الجماعى :GROUP WORK SKILLS كيف تتميز المجموعات فى عملها? كيف تكون عضوا فعالا فى مجموعتك ? / (Record no. 49678)

MARC details
000 -الفاتح
حقل البيانات ثابتة الطول 00703nam a2200181Ia 4500
008 - عناصر البيانات ثابتة الطول - معلومات عامة
حقل البيانات ثابتة الطول 140319s9999 xx 000 0 ara d
040 ## - مصدر الفهرسة
وكالة الفهرسة الأصلية GCL /
وكالة النسخ GCL
082 04 - رقم تصنيف ديوى العشرى
رقم التصنيف 658.3
رقم المادة م م
100 1# - المدخل الرئيسى - إسم شخصى
الإسم الشخصى محمد عبدالغنى الشيخ
245 10 - بيان العنوان
العنوان مهارات العمل الجماعى :GROUP WORK SKILLS كيف تتميز المجموعات فى عملها? كيف تكون عضوا فعالا فى مجموعتك ? /
بيان المسئوليه,etc محمد عبدالغنى الشيخ
300 ## - الوصف المادى
التعداد 165 ص
490 ## - بيان السلسلة
عنوان السلسلة مجموعة مهارات تطوير الاداء
رقم المجلد/ التعيين التسلسلي 0
650 04 - المدخل الاضافى بالموضوع-مصطلح موضوعى
مصطلح موضوعي ادارة الاعمال
650 04 - المدخل الاضافى بالموضوع-مصطلح موضوعى
مصطلح موضوعي ادارة الافراد
650 04 - المدخل الاضافى بالموضوع-مصطلح موضوعى
مصطلح موضوعي العمل الجماعى
942 ## - عناصر المدخل الإضافي( كوها)
مصدر التصنيف او مخطط الترفيف Dewey Decimal Classification
Koha [default] item type كتاب
Holdings
حالة التراجع حالة الفقد حالة تلف ليس للاعارة المكان المؤقت الموقع الحالى تاريخ الاكتساب اجمالي اﻻعارات رقم الطلب الباركود تاريخ اخر مشاهدة تاريخ تفعيل السعر نوع وعاء كوها
        مكتبة القاهرة الكبرى مكتبة القاهرة الكبرى 03/26/2014   658.3\م م 119285 03/26/2014 03/26/2014 كتاب
        مكتبة القاهرة الكبرى مكتبة القاهرة الكبرى 03/26/2014   658.3\م م 119286 03/26/2014 03/26/2014 كتاب
        مكتبة القاهرة الكبرى مكتبة القاهرة الكبرى 03/26/2014   658.3\م م 119287 03/26/2014 03/26/2014 كتاب

Powered By

EGPV